00607nam a2200193Ia 4500008004100000020001500041082001400056100001500070245003500085250000800120260004400128300002800172500001900200600002700219650001500246942000700261952013000268999001500398240925s9999 xx 000 0 und d a818561430X a621.3 COT aCotton, H. 0aAdvanced Electrical Technology a1st aAllahabad:bWheeler Publicationc,1993. avii,106p.bNAfOriginal aIncludes Index aElectrical Engineering aTechnology cBK 011040708ELaUITUbUITUd1995-03-19eRoyal Book Company g201.60l0o621.3 COTpQ0223r2024-09-25 07:12:01w2024-09-25yBK c2722d2722